Estatísticas para Quiz dos Camarões

Clique aqui para jogar o quiz

Estatísticas Gerais

  • Esse quiz foi jogado 314 vezes
  • A pontuação média é 9 de 15

Estatísticas das Respostas

DicaResposta% Correto
País mais populoso que faz fronteira com os CamarõesNigéria
92%
Línguas oficiaisFrancês
91%
País que colonizou grande parte dos Camarões depois da Primeira Guerra MundialFrança
90%
Línguas oficiaisInglês
85%
CapitalYaoundé
82%
Camarões conquistou a medalha de ouro neste esporte coletivo nos
Jogos Olímpicos de 2000
Futebol
77%
Golfo que faz fronteira com os CamarõesGolfo da {Guiné}
74%
País que colonizou os Camarões entre 1884 e 1916, chamando-o de KamerunAlemanha
72%
Camarões é um dos 5 maiores produtores deste grãoCacau
53%
Maior cidadeDouala
48%
Lago grande e mas raso no extremo norte dos Camarões
compartilho com três outros países
Lago Chade
46%
Presidente atualPaul Biya
36%
O maior tipo de sapo, encontrado principalmente nos Camarões
(dica: um personagem bíblico)
Rã-{Golias}
36%
Região fazendo fronteira com o acima que quer independência dos CamarõesAmbazônia
27%
Terceira maior cidadeBamenda
26%

Distribuição das Pontuações

Percentil de Números Respondidos

Porcentagem de Pessoas com Cada Pontuação

Sua Pontuação Histórica

Você não jogou esse quiz